Κατάλογος Βιβλιοθηκών Mediterranean College

Διοίκηση Προσωπικού / Αλλαγές και Προγράμματα Δράσης της Επιχείρησης (Record no. 4582)

MARC details
000 -LEADER
fixed length control field 02763cam a22002054a 4500
005 - ΗΜΕΡΟΜΗΝΙΑ ΚΑΙ ΩΡΑ ΤΕΛΕΥΤΑΙΑΣ ΕΝΗΜΕΡΩΣΗΣ
Πεδίο ελέγχου 20250605164149.0
008 - FIXED-LENGTH DATA ELEMENTS--GENERAL INFORMATION
Πεδίο ελέγχου σταθερού μήκους 250528s ||||||||||||||||||||||||d
035 ## - SYSTEM CONTROL NUMBER
System control number 19322
020 ## - ISBN
ISBN 9607860519
040 ## - ΠΗΓΗ ΚΑΤΑΛΟΓΟΓΡΑΦΗΣΗΣ
Φορέας πρωτότυπης καταλογογράφησης MC Athens Campus Library
Γλώσσα καταλογογράφησης Ελληνικά, Μοντέρνα (1453-)
Modifying agency MC Athens Campus Library
Κανόνες περιγραφικής καταλογογράφησης AACR2
245 1# - ΤΙΤΛΟΣ ΚΑΙ ΔΗΛΩΣΗ ΥΠΕΥΘΥΝΟΤΗΤΑΣ
Τίτλος Διοίκηση Προσωπικού / Αλλαγές και Προγράμματα Δράσης της Επιχείρησης
250 ## - EDITION STATEMENT
Edition statement
260 ## - PUBLICATION, DISTRIBUTION, ETC.
Name of publisher, distributor, etc. Προπομπός,
Date of publication, distribution, etc. 2005
300 ## - PHYSICAL DESCRIPTION
Extent 192
520 ## - SUMMARY, ETC.
Summary, etc. Η Διοίκηση Προσωπικού πρέπει να αποτελέσει τον ηγέτη, καθοδηγητή και καταλύτη της νέας αυτής κατάστασης με άμεσο σκοπό να προσθέσει αξία στην επιχείρηση και να αποδώσει αποτελέσματα. Πρόλογος, Η Διοίκηση Ανθρωπίνων Πόρων, Εισαγωγή και Εισαγωγικές Παρατηρήσεις και Επισημάνσεις, Οι Προκλήσεις του Σήμερα, Η Θέση και η Συμβολή της Περιοχής των Ανθρωπίνων Πόρων Ιδιαίτερα Σήμερα με την Πρόκληση της Αλλαγής και το Σκληρό Ανταγωνιστικό Περιβάλλον, Διατύπωση Οράματος της Διεύθυνσης Ανθρωπίνων Πόρων και οι Καλύτερες Επιχειρησιακές Πρακτικές Διαχείρισης Ανθρωπίνων Πόρων, Μετασχηματισμός και Αλλαγή, Εργαλεία Εταιρικής Στρατηγικής, Η Αλλαγή και ο Μετασχηματισμός μιας Επιχείρησης, Παραδείγματα Αλλαγών σε Διάφορες Επιχειρήσεις, Πρόγραμμα Δράσης, Προγραμματισμός και Ανάπτυξη Προσωπικού, Τα Κυριότερα Σημεία Δράσης μιας Επιχείρησης, Πρόταση Ενός Πλαισίου Αρχών και Οράματος για μια Σύγχρονη Επιχείρηση, Σύστημα Διοίκησης Διοικητικού και Ανθρωπίνων Πόρων, Δραστηριότητες Στρατηγικής Σημασίας στον Χώρο Διοίκησης Ανθρωπίνων Πόρων, Διαδικασία Επιλογής στο Πλαίσιο Αναδιάρθρωσης μιας Επιχείρησης, Οι Κύριοι Στόχοι των Προαναφερθέντων Πολιτικών και Προγραμμάτων Δράσης, Βιβλιογραφία.
700 1# - ΠΡΟΣΘΕΤΗ ΑΝΑΓΡΑΦΗ--ΦΥΣΙΚΟ ΠΡΟΣΩΠΟ
Personal name Βαλβής Μάρκος
9 (RLIN) 5565
942 ## - ADDED ENTRY ELEMENTS (KOHA)
Koha item type Books
Holdings
Τύπος τεκμηρίου Βιβλιοθήκη Τρέχουσα τοποθεσία Barcode Αριθμός εισαγωγής Ημερομηνία απόκτησης Ταξιθετικό σύμβολο Αριθμός αντιτύπου Κατάσταση απόσυρσης Κατάσταση χαμένου Κατάσταση κατεστραμμένου Μη δανεισμός Σύνολο δανεισμών Ημερομηνία τελευταίας εμφάνισης Η τιμή ισχύει από
Books MC Athens Campus Library MC Athens Campus Library 9780000045812 5344 05/06/2025 658.3 VAL 1           05/06/2025 05/06/2025

MC Athens Campus Library
Πατησίων 94 & Κοδριγκτώνος 13, 104 34
Πελλήνης 8 & Πατησίων 107, 112 51
Τ: +30 210 8899600

MC Thessaloniki Campus Library
Ίωνος Δραγούμη 21, 54625 | Ίωνος Δραγούμη 15, 54625
Τ: +30 2310 287779 – Τ: +30 2314 440300